=LDR 00000nam 2200000 4500 =001 INLIS000000000026307 =005 20130612124745 =008 ***********************************Ind** =035 ##$$0010-061300000026307 =041 ##$$a Ind =082 ##$$a 813 =090 ##$$a 813, Set n =100 ##$$a Setiawan, Yati =245 ##$$a Nyanyian prenjak sebuah novel, Yati Setiawan =260 ##$$a 1993 $b Jakarta =300 ##$$a 255 hlm, 21 cm =650 ##$$a Kesusastraan =850 ##$$a NBPNMAT